| 000 | 00410nam a2200169Ia 4500 | ||
|---|---|---|---|
| 008 | 230524s9999 xx 000 0 und d | ||
| 020 | _a9789384588304 | ||
| 082 |
_a621.395 _bVEN |
||
| 100 |
_aK.Venkataraju _942994 |
||
| 245 | 0 | _aLogic Design | |
| 250 | _a1 | ||
| 260 |
_aNew Delhi _bI.K.International _c2015 |
||
| 300 | _a"XXVI,325p:" | ||
| 500 | _aQuantity Number: 1 | ||
| 650 | _aComp-Sc | ||
| 942 | _cBK | ||
| 999 |
_c57941 _d57941 |
||